Statistiche per Top 15 dei paesi con decessi Covid-19 - 16 maggio

Clicka qui per fare il quiz!

Statistiche generali

  • Questo quiz è stato fatto 4 volte
  • Il punteggio medio è 14 su 21

Statistiche sulle risposte

nazione% Corretto
Cina
100%
Germania
100%
Italia
100%
Regno Unito
100%
Spagna
100%
Stati Uniti
100%
Svizzera
100%
Belgio
75%
Brasile
75%
Francia
75%
Portogallo
75%
Svezia
75%
Svezia
75%
Messico
50%
Paesi Bassi
50%
Canada
25%
Danimarca
25%
Iran
25%
Irlanda
25%
Turchia
25%
Ecuador
0%

Distribuzione punteggi

Percentile per numero di risposta

Percentuale di utenti per punteggio

I tuoi punteggi nel tempo

Non hai fatto questo quiz